Online
Catalog

Ley 550-14 : (Record no. 45942)

MARC details
000 -CABECERA
campo de control de longitud fija 00829nam a2200205 a 4500
001 - NÚMERO DE CONTROL
campo de control 000046453
005 - FECHA Y HORA DE LA ÚLTIMA TRANSACCIÓN
campo de control 20240402134029.0
008 - DATOS DE LONGITUD FIJA--INFORMACIÓN GENERAL
campo de control de longitud fija 090715s2015 dr 000 0 spa d
040 ## - FUENTE DE LA CATALOGACIÓN
Centro catalogador/agencia de origen DO-SdBNP
Lengua de catalogación spa
Centro/agencia transcriptor BNPHU
082 ## - NÚMERO DE LA CLASIFICACIÓN DECIMAL DEWEY
Número de clasificación xxx
Número de documento/Ítem xx
110 1# - ENTRADA PRINCIPAL--NOMBRE DE ENTIDAD CORPORATIVA
Nombre de entidad corporativa o nombre de jurisdicción como elemento de entrada República Dominicana
9 (RLIN) 447
240 10 - TÍTULO UNIFORME
Título uniforme Código penal
245 10 - MENCIÓN DE TÍTULO
Título Ley 550-14 :
Resto del título Nuevo código penal de la República Dominicana :(G.O. No.10788 del 26 de diciembre de 2014 /
Mención de responsabilidad, etc. compiladores Trajano Vidal Potentini, Juan Pablo Acosta.
246 13 - FORMA VARIANTE DE TÍTULO
Título propio/Titulo breve Nuevo código penal de la República Dominicana :
260 ## - PUBLICACIÓN, DISTRIBUCIÓN, ETC.
Lugar de publicación, distribución, etc. Santo Domingo :
Nombre del editor, distribuidor, etc. Dalis,
Fecha de publicación, distribución, etc. 2015.
300 ## - DESCRIPCIÓN FÍSICA
Extensión 336 p. ;
Dimensiones 15 cm.
500 ## - NOTA GENERAL
Nota general Artículos de la constitución que causan el debate de su constitucionabilidad
700 12 - PUNTO DE ACCESO ADICIONAL--NOMBRE DE PERSONA
Nombre de persona Potentini Adames, Trajano Vidal‏
Término indicativo de función/relación comp.
9 (RLIN) 73577
700 12 - PUNTO DE ACCESO ADICIONAL--NOMBRE DE PERSONA
Nombre de persona Acosta,Juan Pablo
Término indicativo de función/relación compl
9 (RLIN) 11716
Holdings
Estado de retiro Estado de pérdida No para préstamo Código de colección Localización permanente Ubicación/localización actual Ubicación en estantería Fecha de adquisición Número de inventario Total de préstamos Signatura topográfica completa Código de barras Fecha visto por última vez Precio válido a partir de Tipo de ítem Koha
      Patrimonio Dominicano General General Orden iniciada 17.08.2015 LF1   xxx xx 46453-30 25.06.2020 25.06.2020 Libro y Folleto Colección Patrimonio Dominicano
      Patrimonio Dominicano General General Orden iniciada 17.08.2015 LF1   xxx xx 46453-40 25.06.2020 25.06.2020 Libro y Folleto Colección Patrimonio Dominicano
      Patrimonio Dominicano General General Orden iniciada 17.08.2015 LF1   xxx xx 46453-50 25.06.2020 25.06.2020 Libro y Folleto Colección Patrimonio Dominicano
      Patrimonio Dominicano Patrimonio Dominicano Patrimonio Dominicano Orden iniciada 17.08.2015 LF1   xxx xx 46453-10 25.06.2020 25.06.2020 Libro y Folleto Colección Patrimonio Dominicano
      Patrimonio Dominicano Patrimonio Dominicano Patrimonio Dominicano Orden iniciada 17.08.2015 LF1   xxx xx 46453-20 25.06.2020 25.06.2020 Libro y Folleto Colección Patrimonio Dominicano

Powered by Koha